| 000 | 00000nam##2200000za#4500 |
| 001 | 9.572684 |
| 003 | CaOODSP |
| 005 | 20220111083121 |
| 007 | cr ||||||||||| |
| 008 | 150406|2005||||xxc|||||o f|0| 0 eng|d |
| 022 | |a1928-6414 |
| 040 | |aCaOODSP|beng |
| 043 | |an-cn--- |
| 086 | 1 |aNE22-1/2005-3E-PDF |
| 110 | 1 |aCanada. |bNational Energy Board. |
| 245 | 10|aReasons for decision in the matter of Coral Energy Canada Inc. and the Cogenerators Alliance : |h[electronic resource]|bapplication dated 11 January 2005 requesting a review of Board decision RH-2-2004 Phase I |
| 246 | 1 |iVariant title : |aCoral Energy Canada Inc. and the Cogenerators Alliance |
| 260 | |aCalgary - Alberta : |bNational Energy Board |cMay 2005. |
| 300 | |a15p. |
| 490 | 1 |aReasons for decision|x1928-6414|vRH-R-2-2005 |
| 500 | |aThe catalogue number (NE22-1/2005-3E) and ISBN (0-662-40279-0) for the print edition have been incorrectly copied in this electronic publication. |
| 590 | |a12-10-Supp|b2012-03-23 |
| 775 | 08|tMotifs de décision relativement à Coral Energy Canada Inc. et Cogenerators Alliance : |w(CaOODSP)9.603013 |
| 776 | 0#|tCoral Energy Canada Inc. and the Cogenerators Alliance : |w(CaOODSP)9.617314 |
| 830 | #0|aReasons for decision (Canada. National Energy Board)|x1928-6414|vRH-R-2-2005|w(CaOODSP)9.504480 |
| 856 | 40|ahttp://publications.gc.ca|qPDF|s445 KB|uhttps://publications.gc.ca/collections/collection_2011/one-neb/NE22-1-2005-3-eng.pdf|yRH-R-2-2005 |